000
00265nam a2200109Ia 4500
008
240625s9999 xx 000 0 und d
041
_a
eng
082
_a
658.4012 MIT
100
_a
MITRA AMITAVA
245
_a
FUNDAMENTALS OF QUALITY CONTROL AND IMPR
260
_c
2015
999
_c
40143
_d
40143